000 01552nam0a2200397 4500
001 RU\NLR\BIBL_A\012137306
005 20191209091216.0
010 _a978-5-6043246-0-8
_91000
021 _aRU
_bКН-П-19-076241
_9КН-П-19-5501
035 _a(NLR Aleph) 012137306
035 _a(RuMoRGB)010116399
090 _a12079369
_c12079369
100 _a20191113d2019 u y0rusy50 ca
101 0 _arus
102 _aRU
105 _ay|||g|||001zy
200 1 _aКоррупция
_eбиблиографический справочник (1810-2018)
_e[свыше 13000 публикаций]
_fС.С. Лут
210 _aМосква
_cЮридическая фирма Контракт
_d2019
215 _aXXVIII, 495 с.
_d30
300 _aНа 4-й с. обл. авт.: Лут С.С., к.ю.н.
320 _aБиблиогр. в подстроч. примеч.
320 _aПредм. указ.: с. 441-450
320 _aАлф. указ.: с. 451-495
606 1 _aКоррупция
_jБиблиография
_2nlr_sh1
_2nlr_sh2
_3RU\NLR\AUTH\661345961
606 1 _aКоррупция
_xБорьба с ней
_jБиблиография
_2nlr_sh1
_2nlr_sh2
_3RU\NLR\AUTH\66986715
610 0 _aкоррупция
686 1 _aХ628.111.7я1
686 1 _aХ628.322.17я1
686 1 _aХ883я1
686 1 _aХ883.7я1
700 1 _aЛут
_bС. С.
_gСергей Сергеевич
942 _cBOOK
980 _aNBR
980 _aNB